[Event "GCT Bucarest 2019 - Tie Break"]
[Site "Bucarest"]
[Date "10.11.2019"]
[Round "TB1"]
[White "Karjakin, Sergey"]
[Black "Aronian, Levon"]
[Result "1/2-1/2"]
[WhiteTitle "GM"]
[BlackTitle "GM"]
[WhiteElo "2754"]
[BlackElo "2772"]
[WhiteFideId "14109603"]
[BlackFideId "13300474"]
[EventDate "2019.11.10"]

1. e4 e5 2. Nf3 Nc6 3. Bb5 Nf6 4. d3 Bc5 5. O-O Nd4 6. Nxd4 Bxd4 7. Ba4 c6 8. c3
Bb6 9. Na3 d6 10. Bb3 a5 11. Nc4 Ba7 12. Kh1 a4 13. Bc2 Ng4 14. Ne3 Bxe3 15.
Bxe3 Qh4 16. h3 Nxe3 17. fxe3 Bxh3 18. gxh3 Qxh3+ 19. Kg1 Qg3+ 20. Kh1 1/2-1/2

[Event "GCT Bucarest 2019 - Tie Break"]
[Site "Bucarest"]
[Date "10.11.2019"]
[Round "TB2"]
[White "Aronian, Levon"]
[Black "Karjakin, Sergey"]
[Result "1-0"]
[WhiteTitle "GM"]
[BlackTitle "GM"]
[WhiteElo "2772"]
[BlackElo "2754"]
[WhiteFideId "13300474"]
[BlackFideId "14109603"]
[EventDate "2019.11.10"]

1. e4 e5 2. Nf3 Nc6 3. Bc4 Bc5 4. c3 Nf6 5. d4 exd4 6. e5 d5 7. Bb5 Ne4 8. cxd4
Bb6 9. Nc3 O-O 10. Be3 Bg4 11. h3 Bh5 12. Qc2 Nxc3 13. bxc3 f6 14. exf6 Qxf6 15.
Be2 Rae8 16. O-O h6 17. Rae1 Qd6 18. Bc1 Ba5 19. Qd2 Re4 20. Bd1 Bxf3 21. Bxf3
Rxd4 22. Qc2 Rc4 23. Ba3 Bb4 24. Qd3 Rxf3 25. Qxf3 Bxa3 26. Re8+ Kh7 27. Qf5+ 1-0